000 00569nam a22002057a 4500
999 _c4644
_d4644
003 GBCCL
005 20241126110523.0
008 180129b xxu||||| |||| 00| 0 eng d
020 _a0830723366
040 _cgbc
082 _a231.7
_bTOW
100 _aTowns, Elmer L.
_9410
245 _aGod Encounters:
_bTo touch God and be touched by Him/
_cElmer L. Towns
260 _bRegal Books,
_aCalifornia:
_c2000
300 _a226 p.;
_c23 cm.
650 _aChristian life
_9183
650 _aPresence of God
_98534
650 _aBible
_vBiography
_98535
942 _2ddc
_cBK
_07